[Event "May 1800+"]
[Site "SchemingMind.com"]
[Date "2015.05.28"]
[Round "-"]
[White "Stephen Woodhouse"]
[Black "gabeeg"]
[Result "0-1"]
[WhiteCountry "ENG"]
[BlackCountry "USA"]
[WhiteElo "1834"]
[WhiteRD "49"]
[BlackElo "2211"]
[BlackRD "86"]
[GameID "381177"]

1. e4 d6 2. d4 Nf6 3. Nc3 g6 4. f4 Bg7 5. Nf3 O-O 6. Bd3 Nc6 7. e5 dxe5 8. fxe5 Nh5 9. Be3 Bg4 10. Be2 f6
11. exf6 exf6 12. O-O Re8 13. Qd2 Ne7 14. Rae1 Nd5 15. Nxd5 Qxd5 16. b3 Qd6 17. c4 c5 18. dxc5 Qxd2 19. Bxd2 Bf8 20. b4 Rad8
21. Bc3 Re3 22. Bb2 Nf4 23. Nd4 Nxe2+ 24. Nxe2 Bxe2 25. Rf2 Bxc4
0-1

[Event "May 1800+"]
[Site "SchemingMind.com"]
[Date "2015.05.28"]
[Round "-"]
[White "gabeeg"]
[Black "Stephen Woodhouse"]
[Result "1-0"]
[WhiteCountry "USA"]
[BlackCountry "ENG"]
[WhiteElo "2211"]
[WhiteRD "86"]
[BlackElo "1834"]
[BlackRD "49"]
[GameID "381178"]

1. Nf3 e6 2. g3 d5 3. c4 c5 4. cxd5 exd5 5. d4 Nc6 6. Bg2 Nf6 7. O-O Be7 8. Nc3 O-O 9. dxc5 Bxc5 10. a3 Be6
11. b4 Bb6 12. Na4 Bc7 13. Nc5 b6 14. Nxe6 fxe6 15. Ng5 Qd6 16. Bb2 Ne5 17. Bh3 Rae8 18. Qc2 Bb8 19. Rad1 h6 20. f4 Ned7
21. Qg6 Re7 22. e4 hxg5 23. e5 Qc7 24. exf6 Nxf6 25. fxg5 Ne4 26. Bxe6+
1-0

[Event "May 1800+"]
[Site "SchemingMind.com"]
[Date "2015.05.29"]
[Round "-"]
[White "Stephen Woodhouse"]
[Black "David Perna-Fraser"]
[Result "0-1"]
[WhiteCountry "ENG"]
[BlackCountry "CAN"]
[WhiteElo "1834"]
[WhiteRD "49"]
[BlackElo "2274"]
[BlackRD "61"]
[GameID "381281"]

1. e4 e5 2. Nf3 Nf6 3. d4 Nxe4 4. Bd3 Nc6 5. Bxe4 d5 6. Bg5 Qd6 7. dxe5 Qb4+ 8. Nc3 dxe4 9. a3 Qxb2 10. Nd5 Bc5
11. Nxc7+ Kf8 12. Rb1 Qxa3 13. Nxa8 exf3 14. Qxf3 Qxf3 15. gxf3 Nxe5 16. Ke2 b6 17. Nc7 f6 18. Be3 Bd6 19. Nb5 Bb8 20. Rhd1 Ke7
21. Ra1 Bb7 22. Rg1 Bxf3+ 23. Kd2 Rd8+ 24. Kc3 Rc8+ 25. Kb2 Nc4+ 26. Kc1 Nxe3 27. fxe3 g5 28. Rf1 Be4 29. Rf2 a5 30. Nd4 Bd6
31. Rb1 Ba3+ 32. Kd1 Bb4 33. Nf5+ Bxf5 34. Rxf5 Rd8+ 35. Ke2 Rd2+ 36. Kf3 Rxh2 37. c3 Bc5 38. e4 h5 39. e5 g4+ 40. Ke4 Re2+
41. Kd5 Rxe5+ 42. Rxe5+ fxe5 43. Kxe5 g3 44. Rb2 Bf2 45. Kf4 g2
0-1

[Event "May 1800+"]
[Site "SchemingMind.com"]
[Date "2015.05.29"]
[Round "-"]
[White "David Perna-Fraser"]
[Black "Stephen Woodhouse"]
[Result "1-0"]
[WhiteCountry "CAN"]
[BlackCountry "ENG"]
[WhiteElo "2274"]
[WhiteRD "61"]
[BlackElo "1834"]
[BlackRD "49"]
[GameID "381282"]

1. d4 e6 2. c4 d5 3. Nc3 c5 4. cxd5 exd5 5. Nf3 Nc6 6. g3 Nf6 7. Bg2 Be7 8. O-O O-O 9. dxc5 Bxc5 10. Bg5 d4
11. Ne4 Be7 12. Bxf6 Bxf6 13. Qd2 Bf5 14. Nxf6+ Qxf6 15. Qf4 Be6 16. Qxf6 gxf6 17. Nd2 Rad8 18. Ne4 Kg7 19. Nc5 Bc8 20. Rfd1 Bg4
21. Nxb7 Ne5 22. Nxd8 Rxd8 23. f4 Nc4 24. b3 Ne3 25. Rd2 Kg6 26. Rc1 Rd7 27. Bf3 f5 28. Rc6+ Kg7 29. Bxg4 fxg4 30. Ra6 f5
31. Ra4 Kf6 32. Raxd4
1-0

[Event "May 1800+"]
[Site "SchemingMind.com"]
[Date "2015.05.30"]
[Round "-"]
[White "gabeeg"]
[Black "David Perna-Fraser"]
[Result "1/2-1/2"]
[WhiteCountry "USA"]
[BlackCountry "CAN"]
[WhiteElo "2211"]
[WhiteRD "86"]
[BlackElo "2274"]
[BlackRD "61"]
[GameID "381283"]

1. d4 Nf6 2. Nf3 g6 3. c4 c5 4. d5 d6 5. Nc3 Bg7 6. h3 O-O 7. e4 e6 8. Bd3 exd5 9. exd5 Re8+ 10. Be3 Bh6
11. O-O Bxe3 12. fxe3 Qe7 13. e4 Nbd7 14. Qd2 Ne5 15. Nxe5 Qxe5 16. Qf4 Kg7 17. Nb5 Rd8 18. Nxd6 Qxf4 19. Rxf4 Rxd6 20. Raf1 Bf5
21. exf5 g5 22. R4f3 Re8 23. h4 gxh4 24. Rf4 b5 25. Rxh4 bxc4 26. Bxc4 Nxd5 27. Rd1 Red8 28. Bxd5 Rxd5 29. Rxd5 Rxd5 30. Ra4 Rd7
31. b3 Kf6=
1/2-1/2

[Event "May 1800+"]
[Site "SchemingMind.com"]
[Date "2015.05.30"]
[Round "-"]
[White "David Perna-Fraser"]
[Black "gabeeg"]
[Result "1-0"]
[WhiteCountry "CAN"]
[BlackCountry "USA"]
[WhiteElo "2305"]
[WhiteRD "61"]
[BlackElo "2195"]
[BlackRD "89"]
[GameID "381284"]

1. e4 e5 2. Nf3 Nc6 3. Bc4 Bc5 4. O-O d6 5. d3 Bg4 6. c3 Nf6 7. h3 Be6 8. Bxe6 fxe6 9. b4 Bb6 10. Nbd2 Qd7
11. a4 a6 12. Nc4 Ba7 13. Bg5 O-O 14. b5 Ne7 15. bxa6 bxa6 16. Re1 Rab8 17. d4 exd4 18. cxd4 Ng6 19. Rc1 Rb4 20. Na5 Qxa4
21. Nc6 Qxd1 22. Rcxd1 Rb7 23. e5 Nd5 24. exd6 cxd6 25. Rxe6 Ndf4 26. Bxf4 Nxf4 27. Rxd6 g6 28. Kh2 Bb6 29. Nfe5 Bc7 30. Rd7 Ne6
31. Kg1 Nd8 32. Ne7+ Kh8 33. N5xg6+ hxg6 34. Nxg6+ Kg8 35. Nxf8 Kxf8 36. g3 Ne6 37. Re1 Ba5 38. Rxb7 Bxe1 39. Rb6 Nxd4 40. Rxa6 Kg7
41. Kg2 Nf5 42. h4 Bb4 43. h5 Nd6 44. f4 Kh7 45. g4 Kh6 46. Kg3 Bc5 47. Rc6 Bb4 48. Kh3 Ba3 49. Kh4
1-0

[Event "May 1800+"]
[Site "SchemingMind.com"]
[Date "2015.06.03"]
[Round "-"]
[White "Stephen Woodhouse"]
[Black "frankly"]
[Result "0-1"]
[WhiteCountry "ENG"]
[BlackCountry "ENG"]
[WhiteElo "1834"]
[WhiteRD "49"]
[BlackElo "2425"]
[BlackRD "59"]
[GameID "381551"]

1. e4 e5 2. Nf3 Nc6 3. d4 exd4 4. Nxd4 Nf6 5. Nc3 Bb4 6. Nxc6 bxc6 7. Bd3 O-O 8. O-O d5 9. exd5 cxd5 10. Bg5 c6
11. Qf3 Re8 12. Rfe1 Be6 13. Bf5 h6 14. Bxf6 Qxf6 15. Bxe6 Qxf3 16. gxf3 fxe6 17. a3 Bd6 18. Re2 Rab8 19. Rae1 Rxb2 20. Rxe6 Rxe6
21. Rxe6 Bxa3 22. Rxc6 Rxc2 23. Rc7 d4 24. Nb5 d3
0-1

[Event "May 1800+"]
[Site "SchemingMind.com"]
[Date "2015.06.03"]
[Round "-"]
[White "frankly"]
[Black "Stephen Woodhouse"]
[Result "1-0"]
[WhiteCountry "ENG"]
[BlackCountry "ENG"]
[WhiteElo "2425"]
[WhiteRD "59"]
[BlackElo "1834"]
[BlackRD "49"]
[GameID "381552"]

1. d4 e6 2. e4 d5 3. Nc3 Nf6 4. Bg5 dxe4 5. Nxe4 Be7 6. Bxf6 Bxf6 7. Nf3 O-O 8. c3 b6 9. Qc2 Bb7 10. Rd1 Qe7
11. Bc4 Nd7 12. O-O c5 13. d5 exd5 14. Bxd5 Bxd5 15. Rxd5 Rad8 16. Re1 Rfe8 17. Nxf6+ Qxf6 18. Rxe8+ Rxe8 19. Rxd7
1-0

[Event "May 1800+"]
[Site "SchemingMind.com"]
[Date "2015.06.05"]
[Round "-"]
[White "frankly"]
[Black "gabeeg"]
[Result "1-0"]
[WhiteCountry "ENG"]
[BlackCountry "USA"]
[WhiteElo "2425"]
[WhiteRD "59"]
[BlackElo "2211"]
[BlackRD "86"]
[GameID "381553"]

1. d4 d6 2. e4 Nf6 3. Nc3 e6 4. Nf3 Be7 5. Bd3 Nbd7 6. O-O e5 7. h3 exd4 8. Nxd4 O-O 9. Bf4 Ne5 10. Re1 Bd7
11. Nf3 Nxd3 12. Qxd3 Bc6 13. Nd4 Qd7 14. e5 dxe5 15. Bxe5 Rfe8 16. Rad1 Rad8 17. Qc4 Nd5 18. Nxc6 Qxc6 19. Qxc6 bxc6 20. Nxd5 cxd5
21. Bxc7 Rc8 22. Ba5 Rxc2 23. Rxd5 Kf8 24. Bc3 Rb8 25. Bxg7+ Kxg7 26. Rxe7 Rbxb2 27. Rf5 Kg6 28. Rfxf7 h5 29. Rg7+ Kf5 30. Rxa7 Rc1+
31. Kh2 Ke4 32. a4 Rxf2 33. Ra5 Kf4 34. Rxh5 Rcc2 35. Rg4+ Ke3 36. Re5+
1-0

[Event "May 1800+"]
[Site "SchemingMind.com"]
[Date "2015.06.05"]
[Round "-"]
[White "gabeeg"]
[Black "frankly"]
[Result "1/2-1/2"]
[WhiteCountry "USA"]
[BlackCountry "ENG"]
[WhiteElo "2211"]
[WhiteRD "86"]
[BlackElo "2425"]
[BlackRD "59"]
[GameID "381554"]

1. d4 Nf6 2. c4 e6 3. Nf3 d5 4. Nc3 Be7 5. Bf4 O-O 6. e3 b6 7. Bd3 dxc4 8. Bxc4 a6 9. O-O Bb7 10. Qe2 Nbd7
11. Rfd1 b5 12. Bd3 Rc8 13. Ne5 Qe8 14. Nxd7 Qxd7 15. Be5 c5 16. dxc5 Qc6 17. f4 Bxc5 18. a3 Qb6 19. Kh1 Nd5 20. Nxd5 Bxd5
21. Bxh7+ Kxh7 22. Qh5+ Kg8 23. Bxg7=
1/2-1/2

[Event "May 1800+"]
[Site "SchemingMind.com"]
[Date "2015.06.02"]
[Round "-"]
[White "frankly"]
[Black "David Perna-Fraser"]
[Result "1-0"]
[WhiteCountry "ENG"]
[BlackCountry "CAN"]
[WhiteElo "2425"]
[WhiteRD "59"]
[BlackElo "2274"]
[BlackRD "61"]
[GameID "381555"]

1. d4 f5 2. g3 Nf6 3. Bg2 e6 4. Nf3 Be7 5. O-O O-O 6. c4 Ne4 7. Qc2 d6 8. Rd1 Nd7 9. Nbd2 Ndf6 10. Ne1 Nxd2
11. Bxd2 Qe8 12. Nd3 Ne4 13. Bc1 Bf6 14. Be3 Bd7 15. Rac1 Rc8 16. Nf4 Bc6 17. Nxe6 Qxe6 18. d5 Bxd5 19. cxd5 Qe5 20. f4 Qe7
21. Bxe4 Rce8 22. Bxf5 Qxe3+ 23. Kh1 Qxe2 24. Bxh7+ Kh8 25. Bg6 Qf3+ 26. Qg2 Qxg2+ 27. Kxg2 Re2+ 28. Kh3 Rxb2 29. Rxc7 a5 30. a3 a4
31. Rd7 Rb6 32. Re1 Rb3 33. Rxd6 Rxa3 34. Rde6
1-0

[Event "May 1800+"]
[Site "SchemingMind.com"]
[Date "2015.06.03"]
[Round "-"]
[White "David Perna-Fraser"]
[Black "frankly"]
[Result "0-1"]
[WhiteCountry "CAN"]
[BlackCountry "ENG"]
[WhiteElo "2305"]
[WhiteRD "61"]
[BlackElo "2436"]
[BlackRD "60"]
[GameID "381556"]

1. e4 e5 2. Nf3 Nc6 3. Bc4 Nf6 4. Ng5 d5 5. exd5 Na5 6. Bb5+ c6 7. dxc6 bxc6 8. Be2 h6 9. Nf3 e4 10. Ne5 Bc5
11. c3 O-O 12. O-O Qe7 13. d4 exd3 14. Nxd3 Ba6 15. Nd2 Rfe8 16. Nf3 Rad8 17. b4 Bb6 18. bxa5 Bxa5 19. Be3 Nd5 20. Bc5 Qe4
21. Re1 Nxc3 22. Bf1 Nxd1 23. Rxe4 Rxe4 24. Rxd1 Bb6 25. Re1 Bxd3 26. Bxb6 axb6 27. Bxd3 Rxe1+ 28. Nxe1 Ra8 29. Bb1 Kf8 30. Kf1 b5
31. Ke2 Ke7 32. Nc2 c5 33. Ne3 g6 34. Kd3 Kd6 35. Kc3 h5 36. g3 h4 37. Kb3 Ke5 38. Kb2 Kd4 39. gxh4 Ra6 40. Ng4 Re6
41. Bc2 Re2 42. f4 f5 43. Ne5 Rg2 44. a3 Ke3 45. Kc3 Kxf4 46. Nd3+ Ke3 47. Nxc5 Rxh2 48. Nb7 Rd2 49. h5 gxh5 50. Bxf5 Rd4
51. Be6 h4 52. Bh3 Rc4+ 53. Kb2 Kf4 54. Nd6 Rc5 55. Bf1 Rd5 56. Nxb5 Kg4 57. Kc2 Rf5 58. Be2+ Kf4 59. Nc3 h3 60. Ba6 h2
61. Bb7 Ke3 62. Nd1+ Ke2 63. Nc3+ Kf1 64. Kd3 Rg5 65. Nd1 Rg3+ 66. Kd2 Rg2+ 67. Bxg2+ Kxg2 68. Ne3+ Kf3
0-1

[Event "May 1800+"]
[Site "SchemingMind.com"]
[Date "2015.06.24"]
[Round "-"]
[White "Stephen Woodhouse"]
[Black "xarxziux"]
[Result "0-1"]
[WhiteCountry "ENG"]
[BlackCountry "IRL"]
[WhiteElo "1881"]
[WhiteRD "49"]
[BlackElo "1987"]
[BlackRD "67"]
[GameID "382520"]

1. e4 d6 2. d4 Nf6 3. Nc3 e5 4. Nf3 Nbd7 5. Bc4 Be7 6. O-O O-O 7. Re1 c6 8. a4 a5 9. h3 Nb6 10. Bb3 Nfd7
11. Be3 exd4 12. Nxd4 Nc5 13. f3 Nxb3 14. Nxb3 Be6 15. Nd4 Nc4 16. b3 Nxe3 17. Rxe3 Qb6 18. Kh1 Bf6 19. Rd3 Rad8 20. Rb1 d5
21. exd5 Bxd5 22. Nxd5 Rxd5 23. Ne2 Rfd8 24. Rxd5 Rxd5 25. Qf1 Qd8 26. Ng3 Rd2 27. Qc1 Bg5 28. Qb2 Bf4 29. Nf1 Rd1 30. c4 Qd3
31. Rxd1 Qxd1 32. Qf2 h5 33. g3 Bxg3 34. Qxg3 Qxf1+ 35. Kh2 Qe2+ 36. Kh1 Qd1+ 37. Kg2 Qc2+ 38. Kg1 Qxb3 39. Qb8+ Kh7 40. Qf4 Qd1+
41. Kg2 Qe2+ 42. Kg3 Qe7 43. Qf5+ g6 44. Qxa5 Qd6+ 45. Kg2 h4 46. Qg5 Qd4 47. Qe7 Qxc4 48. Qxb7 Qe2+ 49. Kg1 Qxf3 50. a5 Qg3+
51. Kf1 Qxh3+ 52. Ke2 Qe6+
0-1

[Event "May 1800+"]
[Site "SchemingMind.com"]
[Date "2015.06.24"]
[Round "-"]
[White "xarxziux"]
[Black "Stephen Woodhouse"]
[Result "1-0"]
[WhiteCountry "IRL"]
[BlackCountry "ENG"]
[WhiteElo "2016"]
[WhiteRD "74"]
[BlackElo "1872"]
[BlackRD "48"]
[GameID "382521"]

1. Nf3 e6 2. c4 d5 3. d4 c5 4. cxd5 Qxd5 5. Nc3 Qd8 6. e4 cxd4 7. Nxd4 Nf6 8. Bc4 Bc5 9. Be3 Qb6 10. O-O Nc6
11. Na4 Qb4 12. Nxc6 bxc6 13. Bxc5 Qxc4 14. Qd6
1-0

[Event "May 1800+"]
[Site "SchemingMind.com"]
[Date "2015.06.24"]
[Round "-"]
[White "frankly"]
[Black "xarxziux"]
[Result "1-0"]
[WhiteCountry "ENG"]
[BlackCountry "IRL"]
[WhiteElo "2460"]
[WhiteRD "56"]
[BlackElo "2017"]
[BlackRD "68"]
[GameID "382522"]

1. d4 d6 2. Nc3 Nf6 3. e4 e5 4. dxe5 dxe5 5. Qxd8+ Kxd8 6. Nf3 Bd6 7. Be3 Ke7 8. a3 Re8 9. Nd2 Nbd7 10. Nc4 Nf8
11. Nb5 Ne6 12. f3 Rd8 13. Ncxd6 cxd6 14. Bxa7 d5 15. exd5 Nxd5 16. O-O-O Ndc7 17. Rxd8 Kxd8 18. Bb6 Bd7 19. Nxc7 Nxc7 20. Bc4 f6
21. Rd1 Kc8 22. Rd3 Ra4 23. Rc3 Bc6 24. b4 Na8 25. Be6+ Kb8 26. Ba5 b6 27. Bxb6 Nxb6 28. Rxc6 Kb7 29. Rc3
1-0

[Event "May 1800+"]
[Site "SchemingMind.com"]
[Date "2015.06.24"]
[Round "-"]
[White "xarxziux"]
[Black "frankly"]
[Result "0-1"]
[WhiteCountry "IRL"]
[BlackCountry "ENG"]
[WhiteElo "2017"]
[WhiteRD "68"]
[BlackElo "2460"]
[BlackRD "56"]
[GameID "382523"]

1. Nf3 Nf6 2. c4 c5 3. Nc3 Nc6 4. g3 e5 5. Bg2 Be7 6. O-O O-O 7. d3 d6 8. a3 h6 9. Rb1 a5 10. Ne1 Be6
11. e4 Nd4 12. f4 b5 13. f5 Bd7 14. g4 bxc4 15. dxc4 Rb8 16. h4 Nh7 17. g5 hxg5 18. Nd5 gxh4 19. Nxe7+ Qxe7 20. Qh5 Rb3
21. Bf3 Bc6 22. Qg4 Ne2+ 23. Bxe2 Rg3+ 24. Qxg3 hxg3 25. f6 Nxf6 26. Bg5 Qd7 27. Nf3 Nxe4 28. Be3 Qh3
0-1

[Event "May 1800+"]
[Site "SchemingMind.com"]
[Date "2015.06.25"]
[Round "-"]
[White "gabeeg"]
[Black "xarxziux"]
[Result "1-0"]
[WhiteCountry "USA"]
[BlackCountry "IRL"]
[WhiteElo "2223"]
[WhiteRD "85"]
[BlackElo "1987"]
[BlackRD "67"]
[GameID "382524"]

1. Nf3 d5 2. c4 d4 3. b4 Nf6 4. Bb2 c5 5. e3 dxe3 6. fxe3 cxb4 7. a3 e6 8. Be2 Nc6 9. O-O a5 10. d4 Be7
11. axb4 Nxb4 12. Nbd2 O-O 13. Ne5 Nc6 14. Nxc6 bxc6 15. c5 Nd5 16. Ra3 e5 17. Nc4 exd4 18. Bxd4 Bf6 19. Qd2 Re8 20. Nd6 Bxd4
21. Qxd4 Re7 22. e4 Nc7 23. Rg3 Ne6 24. Qe5 Ba6 25. Bxa6 Rxa6 26. Nf5 f6 27. Qxf6 Raa7 28. Rxg7+ Rxg7 29. Nh6+ Kh8 30. Qxd8+
1-0

[Event "May 1800+"]
[Site "SchemingMind.com"]
[Date "2015.06.25"]
[Round "-"]
[White "xarxziux"]
[Black "gabeeg"]
[Result "0-1"]
[WhiteCountry "IRL"]
[BlackCountry "USA"]
[WhiteElo "1987"]
[WhiteRD "67"]
[BlackElo "2223"]
[BlackRD "85"]
[GameID "382525"]

1. Nf3 d5 2. d4 c6 3. c4 Nf6 4. Nc3 e6 5. Bg5 h6 6. Bh4 dxc4 7. e4 g5 8. Bg3 b5 9. Be2 Bb7 10. O-O Nbd7
11. Ne5 Bg7 12. Nxd7 Qxd7 13. e5 Nd5 14. Ne4 Bf8 15. a4 Be7 16. Qc1 O-O-O 17. b3 Nf4 18. Bxf4 gxf4 19. Nd6+ Bxd6 20. exd6 Qxd6
21. axb5 cxb5 22. bxc4 Rhg8 23. f3 Qxd4+ 24. Kh1 b4 25. c5 Qd2 26. c6 Qxc1 27. cxb7+ Kxb7 28. Rfxc1 Rd2 29. Bf1 Rg5 30. Rc4 a5
31. Rxf4 Kb6 32. Rxf7 Rgd5 33. Rf6 Rd1 34. Rxe6+ Kc5 35. Re1 Rxe1 36. Rxe1 b3 37. g4 b2 38. f4 a4 39. f5 a3 40. f6 Rd7
41. Re7 b1=Q
0-1

[Event "May 1800+"]
[Site "SchemingMind.com"]
[Date "2015.06.24"]
[Round "-"]
[White "xarxziux"]
[Black "David Perna-Fraser"]
[Result "0-1"]
[WhiteCountry "IRL"]
[BlackCountry "CAN"]
[WhiteElo "1955"]
[WhiteRD "66"]
[BlackElo "2331"]
[BlackRD "62"]
[GameID "382526"]

1. Nf3 Nf6 2. c4 g6 3. d4 Bg7 4. Nc3 O-O 5. e4 d6 6. Be2 e5 7. O-O exd4 8. Nxd4 Re8 9. f3 Nc6 10. Be3 Nh5
11. Qd2 Nf4 12. Bxf4 Nxd4 13. Bd3 Be6 14. b3 c6 15. Rad1 Qb6 16. Kh1 Qb4 17. Ne2 Qxd2 18. Rxd2 Be5 19. Nxd4 Bxf4 20. Nxe6 Rxe6
21. Rdd1 a5 22. Bc2 Kg7 23. g3 Be3 24. Kg2 h5 25. Rd3 Bc5 26. a4 h4 27. Rd2 Rh8 28. Rfd1 g5 29. g4 h3+ 30. Kg3 Be3
31. Rd3 Bf4+ 32. Kf2 Bxh2 33. Rh1 Bf4 34. Rdd1 h2 35. Kg2 Reh6 36. Bd3 Rh3 37. Bf1 Rg3+ 38. Kf2 Rg1 39. Bg2 Be3+ 40. Kg3 b5
41. cxb5 cxb5 42. axb5 Bf4+ 43. Kf2 Rxd1 44. Rxd1 Rc8 45. Ra1 Rc2+ 46. Kf1 Bg3
0-1

[Event "May 1800+"]
[Site "SchemingMind.com"]
[Date "2015.06.24"]
[Round "-"]
[White "David Perna-Fraser"]
[Black "xarxziux"]
[Result "1-0"]
[WhiteCountry "CAN"]
[BlackCountry "IRL"]
[WhiteElo "2312"]
[WhiteRD "61"]
[BlackElo "1987"]
[BlackRD "67"]
[GameID "382527"]

1. e4 d6 2. d4 Nf6 3. f3 e5 4. dxe5 dxe5 5. Qxd8+ Kxd8 6. Bc4 Ke8 7. Ne2 Nbd7 8. a4 a5 9. Nbc3 Nc5 10. Nb5 Bd6
11. Be3 Ne6 12. Nxd6+ cxd6 13. O-O-O Ke7 14. Rd2 Bd7 15. b3 Bc6 16. Rhd1 Rhd8 17. Nc3 Ne8 18. Bb6 Rd7 19. Nd5+ Bxd5 20. Rxd5 Nf4
21. Rxa5 Rxa5 22. Bxa5 Nc7 23. g3 Nfe6 24. h4 Nd4 25. c3 Nde6 26. Kc2 g6 27. Bb6 Ng7 28. a5 Nh5 29. Bf2 f5 30. exf5 gxf5
31. Bd3 Ke6 32. g4 Ng7 33. b4 Nce8 34. b5 Nf6 35. a6 bxa6 36. bxa6 Rd8 37. a7 Nfe8 38. Bb6 Ra8 39. gxf5+
1-0

[Event "May 1800+"]
[Site "SchemingMind.com"]
[Date "2015.06.28"]
[Round "-"]
[White "fanfan_la_Tulipe"]
[Black "Stephen Woodhouse"]
[Result "1/2-1/2"]
[WhiteCountry "AUT"]
[BlackCountry "ENG"]
[WhiteElo "2070"]
[WhiteRD "72"]
[BlackElo "1854"]
[BlackRD "48"]
[GameID "382659"]

1. f4 e6 2. Nf3 f5 3. b3 Nf6 4. Bb2 Be7 5. e3 O-O 6. Be2 Ne4 7. O-O b6 8. d3 Bf6 9. Bxf6 Qxf6 10. d4 Bb7
11. c4 d6 12. Qc2 Nd7 13. Nbd2 Rae8 14. Rad1 e5 15. Nxe4 Bxe4 16. Qd2 exf4 17. exf4 Re7 18. Ng5 Bb7 19. d5 Rfe8 20. Ne6 Nf8
21. Nd4 Re4 22. Bf3 R4e7 23. g3 g6 24. Kf2 Nd7 25. Rfe1 Nc5 26. Rxe7 Rxe7 27. Re1 Kf7 28. Rxe7+ Qxe7 29. Qe3 Qxe3+ 30. Kxe3 a5
31. Nb5 Na6 32. a3 Bc8 33. Kd4 Bd7 34. Nc3 Nc5 35. Bd1 Kf6 36. b4 axb4 37. axb4 Nb7 38. Ba4 Bxa4 39. Nxa4 Ke7 40. Nc3 Kd7=
1/2-1/2

[Event "May 1800+"]
[Site "SchemingMind.com"]
[Date "2015.06.28"]
[Round "-"]
[White "Stephen Woodhouse"]
[Black "fanfan_la_Tulipe"]
[Result "0-1"]
[WhiteCountry "ENG"]
[BlackCountry "AUT"]
[WhiteElo "1872"]
[WhiteRD "48"]
[BlackElo "2061"]
[BlackRD "71"]
[GameID "382660"]

1. e4 e5 2. Nf3 d6 3. d4 Nf6 4. dxe5 Nxe4 5. Qd5 Nc5 6. Bg5 Qd7 7. exd6 Bxd6 8. Nc3 O-O 9. O-O-O Nc6 10. Bb5 Qg4
11. Bxc6 bxc6 12. Qxc6 Bb7 13. h3 Qxg5+
0-1

[Event "May 1800+"]
[Site "SchemingMind.com"]
[Date "2015.06.28"]
[Round "-"]
[White "fanfan_la_Tulipe"]
[Black "frankly"]
[Result "0-1"]
[WhiteCountry "AUT"]
[BlackCountry "ENG"]
[WhiteElo "2107"]
[WhiteRD "72"]
[BlackElo "2454"]
[BlackRD "56"]
[GameID "382661"]

1. f4 d5 2. Nf3 Nc6 3. e3 Nf6 4. b3 Bg4 5. Bb2 e6 6. Bb5 Be7 7. O-O Qd6 8. Ba3 Qd8 9. Bxe7 Qxe7 10. h3 Bxf3
11. Qxf3 Qc5 12. Bxc6+ Qxc6 13. c4 O-O-O 14. Nc3 d4 15. Qxc6 bxc6 16. Na4 dxe3 17. dxe3 Rd3 18. Kf2 Ne4+ 19. Kf3 f5 20. Rfd1 Rhd8
21. Rxd3 Rxd3 22. Re1 a5 23. Nb2 Rc3 24. Na4 Rc2 25. Re2 Rc1 26. g4 g6 27. gxf5 exf5 28. Kg2 Ra1 29. Kf3 Kd7 30. Kg2 Ke6
31. Kf3 Rg1 32. Rh2 Kf6 33. h4 Rc1 34. Kg2 Ra1 35. Kf3 h5 36. c5 Re1 37. Nb2 Rf1+ 38. Ke2 Ra1 39. Kd3 Rxa2 40. Kc4 Ke7
41. Kd4 Ke6 42. Kc4 Nf6 43. Kd4 Ra1 44. Rg2 Ng4 45. Nc4 Rh1 46. Nxa5 Rxh4 47. Nxc6 Rh1 48. Ne5 h4 49. Nf3 h3 50. Rd2 Kd7
51. Ne5+ Ke7 52. Nf3 Rf1 53. Nh2 Rb1 54. Kc3 Rh1 55. Nf3 Rf1 56. Nh2 Re1 57. Kd4 Kd7 58. Kc4+ Kc6 59. Kd4 Nxe3 60. Nf3 Nf1
61. Rf2 Re4+ 62. Kd3 Ne3 63. Ng5 Ng4 64. Rf1 Re3+ 65. Kc4 Rg3
0-1

[Event "May 1800+"]
[Site "SchemingMind.com"]
[Date "2015.06.28"]
[Round "-"]
[White "frankly"]
[Black "fanfan_la_Tulipe"]
[Result "1-0"]
[WhiteCountry "ENG"]
[BlackCountry "AUT"]
[WhiteElo "2463"]
[WhiteRD "57"]
[BlackElo "2087"]
[BlackRD "70"]
[GameID "382662"]

1. d4 Nf6 2. Nf3 g6 3. c4 Bg7 4. Nc3 d5 5. cxd5 Nxd5 6. e4 Nxc3 7. bxc3 O-O 8. Be2 c5 9. O-O Nc6 10. Be3 cxd4
11. cxd4 Bg4 12. d5 Ne5 13. Nxe5 Bxe2 14. Qxe2 Bxe5 15. Rad1 Qd7 16. Bh6 Bg7 17. Bxg7 Kxg7 18. h4 h5 19. f4 Rac8 20. f5 Qa4
21. Qf3 Qxa2 22. f6+ exf6 23. Qxf6+ Kg8 24. e5 Rc2 25. Qg5 Rc4 26. Rd2 Qa3 27. Rdf2 Rg4 28. Qf6 Qg3 29. e6 Rxh4 30. Rf3 Qh2+
31. Kf2 Rg4 32. e7 Rxg2+ 33. Ke3 Re2+ 34. Kd4 Rxe7 35. Qxe7 Qb2+ 36. Ke3 Qb3+ 37. Kf2 Qxd5 38. Kg1 f5 39. Rg3 Qc6 40. Rd1 Rf7
41. Qd6 Rf6 42. Qd8+ Rf8 43. Qg5 Qb6+ 44. Kh2 Kg7 45. Rd7+ Rf7 46. Qxf5 Rxd7 47. Qxd7+ Kh6 48. Qd2+ Kg7 49. Rd3
1-0

[Event "May 1800+"]
[Site "SchemingMind.com"]
[Date "2015.06.30"]
[Round "-"]
[White "fanfan_la_Tulipe"]
[Black "gabeeg"]
[Result "0-1"]
[WhiteCountry "AUT"]
[BlackCountry "USA"]
[WhiteElo "2087"]
[WhiteRD "70"]
[BlackElo "2223"]
[BlackRD "85"]
[GameID "382663"]

1. f4 e5 2. fxe5 Nc6 3. Nf3 d6 4. e4 dxe5 5. Bb5 Bc5 6. d3 Bg4 7. h3 Bd7 8. Qe2 Qe7 9. Bg5 Qd6 10. c3 Nf6
11. Nbd2 Nh5 12. Nc4 Qe6 13. Bh4 Nf4 14. Qd2 f6 15. Bg3 Nh5 16. Bf2 Bxf2+ 17. Qxf2 Nf4 18. O-O-O O-O-O 19. Kb1 a6 20. Bxc6 Bxc6
21. Qa7 Nxd3 22. Qa8+ Kd7 23. Rxd3+ Ke7 24. Rxd8 Bxe4+ 25. Ka1 Rxd8 26. Qa7 Qxc4 27. Qe3 Rd3 28. Qf2 Bd5
0-1

[Event "May 1800+"]
[Site "SchemingMind.com"]
[Date "2015.06.30"]
[Round "-"]
[White "gabeeg"]
[Black "fanfan_la_Tulipe"]
[Result "1/2-1/2"]
[WhiteCountry "USA"]
[BlackCountry "AUT"]
[WhiteElo "2223"]
[WhiteRD "85"]
[BlackElo "2087"]
[BlackRD "70"]
[GameID "382664"]

1. Nf3 Nf6 2. c4 g6 3. b4 Bg7 4. Bb2 O-O 5. g3 a5 6. b5 d5 7. Bg2 c6 8. a4 dxc4 9. Na3 cxb5 10. axb5 Be6
11. O-O Nbd7 12. Ng5 Bd5 13. e4 h6 14. exd5 hxg5 15. Nxc4 Nb6 16. Nxa5 Nbxd5 17. Nxb7 Rxa1 18. Bxa1 Qb6 19. Bxf6 Nxf6 20. Qa4 Rb8
21. Re1 e6 22. Qa6 Qd4 23. Qa5 Ng4 24. Rf1 Be5 25. Bf3 Nf6 26. Qc3 Qxc3 27. dxc3 Nd5 28. c4 Rxb7 29. cxd5 Rxb5 30. dxe6 fxe6
31. Re1 Kf7 32. Kg2 Kf6 33. Bg4 Rb6 34. Re4 Bc7=
1/2-1/2

[Event "May 1800+"]
[Site "SchemingMind.com"]
[Date "2015.06.30"]
[Round "-"]
[White "fanfan_la_Tulipe"]
[Black "xarxziux"]
[Result "1/2-1/2"]
[WhiteCountry "AUT"]
[BlackCountry "IRL"]
[WhiteElo "2107"]
[WhiteRD "72"]
[BlackElo "1955"]
[BlackRD "66"]
[GameID "382665"]

1. f4 d5 2. Nf3 g6 3. g3 Bg7 4. Bg2 Nf6 5. O-O O-O 6. d3 c5 7. Qe1 Nc6 8. c3 d4 9. Na3 Be6 10. Bd2 Qd7
11. Ng5 Bf5 12. h3 h6 13. g4 Bxg4 14. hxg4 hxg5 15. fxg5 Nxg4 16. Qh4 f5 17. gxf6 exf6 18. c4 f5 19. Bd5+ Rf7 20. Nc2 Bf6
21. Bg5 Kg7 22. Bxf7 Qxf7 23. Bxf6+ Nxf6 24. e3 Rh8 25. Qg3 Ng4 26. exd4 cxd4 27. Rae1 Rh2 28. Qxg4 Rxc2 29. Re2 Qc7 30. Qg2 Rxe2
31. Qxe2 Qg3+ 32. Kh1 Qh3+ 33. Kg1 Qg3+ 34. Kh1 Qh3+ 35. Kg1=
1/2-1/2

[Event "May 1800+"]
[Site "SchemingMind.com"]
[Date "2015.06.28"]
[Round "-"]
[White "xarxziux"]
[Black "fanfan_la_Tulipe"]
[Result "0-1"]
[WhiteCountry "IRL"]
[BlackCountry "AUT"]
[WhiteElo "1955"]
[WhiteRD "66"]
[BlackElo "2107"]
[BlackRD "72"]
[GameID "382666"]

1. Nf3 Nf6 2. c4 g6 3. Nc3 Bg7 4. e4 d6 5. d4 O-O 6. Be2 Na6 7. O-O c5 8. d5 Nc7 9. h3 a6 10. a4 Rb8
11. Bf4 Bd7 12. a5 Nh5 13. Bh2 b5 14. axb6 Rxb6 15. Ra2 Qb8 16. Qd2 a5 17. e5 Bh8 18. exd6 exd6 19. Ne4 Na6 20. Nxd6 Rxd6
21. Qxa5 Bc8 22. b4 Qb6 23. Bxd6 Qxd6 24. bxc5 Nxc5 25. Rb1 Ne4 26. Rb6 Qf4 27. Rc2 Bd4 28. Nxd4 Qxf2+ 29. Kh2 Qxd4 30. Bxh5 Qe5+
31. Kg1 Qxh5 32. Qe1 Qe5 33. Qe3 f5 34. d6 f4 35. Qe1 Qc5+
0-1